Probing galaxies through quasar absorption lines (Record no. 16213)

MARC details
000 -LEADER
fixed length control field 01016nam a2200241Ia 4500
003 - CONTROL NUMBER IDENTIFIER
control field IN-BaIIA
008 - FIXED-LENGTH DATA ELEMENTS--GENERAL INFORMATION
fixed length control field 211028s9999 xx 000 0 eng d
020 ## - INTERNATIONAL STANDARD BOOK NUMBER
International Standard Book Number 0-521-85205-6
040 ## - CATALOGING SOURCE
Transcribing agency IIA Library
080 ## - UNIVERSAL DECIMAL CLASSIFICATION NUMBER
Universal Decimal Classification number 082.2:52
Item number IAU-C199
111 ## - MAIN ENTRY--MEETING NAME
Meeting name or jurisdiction name as entry element Colloquium of the International Astronomical Union
Number of part/section/meeting 199th
Location of meeting China
Date of meeting or treaty signing 2005 Mar. 14-18
9 (RLIN) 29986
245 #0 - TITLE STATEMENT
Title Probing galaxies through quasar absorption lines
Remainder of title proceedings of the 199th Colloquium of the International Astronomical Union held in Shanghai, China, March 14-18, 2005
Statement of responsibility, etc. edited by Peter R. Williams, Cheng-Gang Shu and Brice Menard
260 ## - PUBLICATION, DISTRIBUTION, ETC.
Place of publication, distribution, etc. Cambridge
Name of publisher, distributor, etc. Cambridge University Press
Date of publication, distribution, etc. 2005
300 ## - PHYSICAL DESCRIPTION
Extent xxxiv, 493p.
490 ## - SERIES STATEMENT
Series statement IAU colloquium; no. 199
650 ## - SUBJECT ADDED ENTRY--TOPICAL TERM
Topical term or geographic name entry element Galaxy
9 (RLIN) 3368
650 ## - SUBJECT ADDED ENTRY--TOPICAL TERM
Topical term or geographic name entry element Quasar absorption
9 (RLIN) 29987
700 ## - ADDED ENTRY--PERSONAL NAME
Personal name Menard, Brice, ed.
9 (RLIN) 29988
700 ## - ADDED ENTRY--PERSONAL NAME
Personal name Shu, Cheng-Gang, ed.
9 (RLIN) 29989
700 ## - ADDED ENTRY--PERSONAL NAME
Personal name Williams, Peter R., ed.
9 (RLIN) 29990
710 ## - ADDED ENTRY--CORPORATE NAME
Corporate name or jurisdiction name as entry element International Astronomical Union
942 ## - ADDED ENTRY ELEMENTS (KOHA)
Koha item type Books
Holdings
Withdrawn status Lost status Damaged status Not for loan Home library Current library Shelving location Date acquired Source of acquisition Cost, normal purchase price Total Checkouts Full call number Barcode Date last seen Cost, replacement price Price effective from Koha item type Purchase Price
        IIA Library-Bangalore IIA Library-Bangalore General Stacks 30/08/2006 CAM 4673.00   082.2:52/ IAU-C199 17135 05/11/2021 4673.00 30/08/2006 Books Rs. 4673.00

Powered by Koha